| 000 | 00874nam a2200229Ia 4500 | ||
|---|---|---|---|
| 999 |
_c5407 _d5407 |
||
| 003 | OSt | ||
| 005 | 20200527130643.0 | ||
| 008 | 191128s1949 ag gr 000 0dspa d | ||
| 040 |
_aCO-JMCR _cCO-JMCR |
||
| 041 | 0 | _aspa | |
| 082 | 0 | 4 |
_a330.0985 / _bR763h _223 |
| 100 | 1 |
_aRomero, Emilio, _eautor _94740 |
|
| 245 | 1 | 0 |
_aHistoria económica del Perú / _cEmilio Romero |
| 260 |
_aBuenos Aires : _bSudamericana, _c1949 |
||
| 300 |
_a471 páginas ; _c20 cm. |
||
| 490 | _aBiblioteca de orientación económica. Historia y doctrina económica | ||
| 504 | _aBibliografía: páginas 463-466. | ||
| 505 | _aEl Perú preincaico y la civilización de los Incas -- Conquista y colonización española -- La independencia del Perú y la proclamación de la República | ||
| 650 | 1 | 4 |
_aHistoria económica _zPerú _94741 |
| 650 | 2 | 4 |
_aCondiciones económicas _94742 |
| 942 |
_2ddc _cBK |
||